Catálogo público

El ciclo de vida del maíz según los mixes = (Record no. 90979)

MARC details
000 -CABECERA
campo de control de longitud fija 01615cam a22004097a 4500
003 - IDENTIFICADOR DEL NÚMERO DE CONTROL
campo de control CHAP
005 - FECHA Y HORA DE LA ÚLTIMA TRANSACCIÓN
campo de control 20220329143031.0
008 - DATOS DE LONGITUD FIJA--INFORMACIÓN GENERAL
campo de control de longitud fija 050923s2003 mx a r 00010 spa d
010 ## - NÚMERO DE CONTROL DE LA BIBLIOTECA DEL CONGRESO
Número de control de LC 90979
011 ## - ENLACE DEL NUMERO DE CONTROL DE LA BIBLIOTECA DEL CONGRESO [OBSOLETO]
Número de control de LC 91951
020 ## - NÚMERO INTERNACIONAL ESTÁNDAR DEL LIBRO
Número Internacional Estándar del Libro 968573092X
035 ## - NÚMERO DE CONTROL DEL SISTEMA
Número de control de sistema 102514
040 ## - FUENTE DE LA CATALOGACIÓN
Centro/agencia transcriptor CHAP
082 04 - NÚMERO DE LA CLASIFICACIÓN DECIMAL DEWEY
Número de clasificación 584.927274
Número de documento/Ítem B45
100 00 - ENTRADA PRINCIPAL--NOMBRE DE PERSONA
Nombre de persona Bernal Alcántara, Juan Arelí.
9 (RLIN) 11877
245 13 - MENCIÓN DE TÍTULO
Título El ciclo de vida del maíz según los mixes =
Resto del título Mook jyööjtsykin ax jö'n ayuuk jayu di ixada
Mención de responsabilidad, etc. /por Juan Arelí Bernal Alcántara y Noemí Ortega Rivera
260 ## - PUBLICACIÓN, DISTRIBUCIÓN, ETC.
Lugar de publicación, distribución, etc. Oaxaca, Oax. :
Nombre del editor, distribuidor, etc. Instituto Estatal de Educación Pública de Oaxaca,
Fecha de publicación, distribución, etc. 2003
300 ## - DESCRIPCIÓN FÍSICA
Extensión ix, 60 p. :
Otras características físicas ilus.
490 #0 - MENCIÓN DE SERIE
Mención de serie Colección voces del fondo.
-- Serie la luna en el pozo
500 ## - NOTA GENERAL
Nota general Bilingüe mixe y español
500 ## - NOTA GENERAL
Nota general En la portada aparece en primer término en idioma mixe
500 ## - NOTA GENERAL
Nota general Ilustrado con acuarelas
590 ## - NOTA LOCAL (RLIN)
Nota local BATCH-UPD
Procedencia (VM) [OBSOLETO] 10
Condición del los carretes individuales (VM) [OBSOLETO] 20130110
-- UCH01
-- 0531
590 ## - NOTA LOCAL (RLIN)
Nota local BATCH-UPD
Procedencia (VM) [OBSOLETO] 10
Condición del los carretes individuales (VM) [OBSOLETO] 20130111
-- UCH01
-- 0001
590 ## - NOTA LOCAL (RLIN)
Nota local BATCH-UPD
Procedencia (VM) [OBSOLETO] 10
Condición del los carretes individuales (VM) [OBSOLETO] 20130410
-- UCH01
-- 0211
590 ## - NOTA LOCAL (RLIN)
Nota local BATCH-UPD
Procedencia (VM) [OBSOLETO] 10
Condición del los carretes individuales (VM) [OBSOLETO] 20130914
-- UCH01
-- 0609
590 ## - NOTA LOCAL (RLIN)
Nota local CONVERSION
Procedencia (VM) [OBSOLETO] 10
Condición del los carretes individuales (VM) [OBSOLETO] 20130109
-- UCH01
-- 1350
650 14 - PUNTO DE ACCESO ADICIONAL DE MATERIA--TÉRMINO DE MATERIA
Término de materia o nombre geográfico como elemento de entrada Etnología
Subdivisión general Oaxaca
Subdivisión geográfica Oaxaca.
9 (RLIN) 175479
650 14 - PUNTO DE ACCESO ADICIONAL DE MATERIA--TÉRMINO DE MATERIA
Término de materia o nombre geográfico como elemento de entrada Maíz
Subdivisión geográfica Oaxaca.
9 (RLIN) 71100
700 0# - PUNTO DE ACCESO ADICIONAL--NOMBRE DE PERSONA
Nombre de persona Ortega Rivera, Noemí.
9 (RLIN) 83862
830 #0 - PUNTO DE ACCESO ADICIONAL DE SERIE-TÍTULO UNIFORME
Título uniforme Colección voces del fondo.
Nombre de parte o sección de la obra Serie la luna en el pozo
9 (RLIN) 25025
901 ## - ELEMENTOS DE DATOS A LOCAL LDA (RLIN)
a BK
905 ## - ELEMENTOS DE DATOS E LOCAL, LDE (RLIN)
a Marco A. Mendoza T.
942 ## - ELEMENTOS DE PUNTO DE ACCESO ADICIONAL (KOHA)
Tipo de ítem Koha Libro
949 ## - PROCESAMIENTO DE INFORMACIÓN LOCAL (OCLC)
a 584.927274 B45
b BC
c LIBRO
d 33724000961686
e LIBRO
h 107210
i 102514
s i
949 ## - PROCESAMIENTO DE INFORMACIÓN LOCAL (OCLC)
a 584.927274 B45
b BC
c LIBRO
d 33724002057926
e LIBRO
f c.2
g DonaciØn
h 109660
i 102514
s b
Holdings
Estado de retiro Estado de pérdida Fuente del sistema de clasificación o colocación Estado dañado Restricciones de uso No para préstamo Código de colección Localización permanente Ubicación/localización actual Ubicación en estantería Fecha de adquisición Fuente de adquisición Información codificada de la localización en otra ubicación Total de préstamos Signatura topográfica completa Código de barras Fecha visto por última vez Precio válido a partir de Tipo de ítem Koha Número de copia
    Dewey Decimal Classification   Préstamo 15 días   General Biblioteca Central Biblioteca Central Planta alta - Colección General 31/12/2019 Donacion LIBRO   584.927274 B45 33724000961686 31/12/2019 31/12/2019 Libro  
    Dewey Decimal Classification   Préstamo 15 días   General Biblioteca Central Biblioteca Central Planta alta - Colección General 31/12/2019   LIBRO   584.927274 B45 33724002057926 31/12/2019 31/12/2019 Libro c.2